Public speaking siam ding dan: (Record no. 8649)
[ view plain ]
| 000 -LEADER | |
|---|---|
| fixed length control field | 00532nam a22001697a 4500 |
| 003 - CONTROL NUMBER IDENTIFIER | |
| control field | GBCCL |
| 005 - DATE AND TIME OF LATEST TRANSACTION | |
| control field | 20241126110655.0 |
| 008 - FIXED-LENGTH DATA ELEMENTS--GENERAL INFORMATION | |
| fixed length control field | 210713b ||||| |||| 00| 0 eng d |
| 040 ## - CATALOGING SOURCE | |
| Transcribing agency | GBC |
| 082 ## - DEWEY DECIMAL CLASSIFICATION NUMBER | |
| Classification number | 808.51 |
| Item number | TOM |
| 100 ## - MAIN ENTRY--PERSONAL NAME | |
| Personal name | Tombing, Lammuansang |
| 9 (RLIN) | 15256 |
| 245 ## - TITLE STATEMENT | |
| Title | Public speaking siam ding dan: |
| Remainder of title | na thugen nawn ma in hiai laibu a na sim teitei in ! / |
| Statement of responsibility, etc. | Lammuansang Tombing |
| 260 ## - PUBLICATION, DISTRIBUTION, ETC. | |
| Place of publication, distribution, etc. | Hiangtam Lamka: |
| Name of publisher, distributor, etc. | North east recreation publishing, |
| Date of publication, distribution, etc. | 2020. |
| 300 ## - PHYSICAL DESCRIPTION | |
| Extent | 158p. ; |
| 650 ## - SUBJECT ADDED ENTRY--TOPICAL TERM | |
| Topical term or geographic name entry element | Public Speaking |
| 9 (RLIN) | 679 |
| 942 ## - ADDED ENTRY ELEMENTS (KOHA) | |
| Source of classification or shelving scheme | Dewey Decimal Classification |
| Koha item type | Books |
| Koha issues (borrowed), all copies | 2 |
| Withdrawn status | Lost status | Source of classification or shelving scheme | Damaged status | Not for loan | Home library | Current Library | Shelving location | Date acquired | Total checkouts | Full call number | Barcode | Date last seen | Copy number | Price effective from | Koha item type | Date last checked out |
|---|---|---|---|---|---|---|---|---|---|---|---|---|---|---|---|---|
| Dewey Decimal Classification | GRACE BIBLE COLLEGE | GRACE BIBLE COLLEGE | Vernacular | 2021-07-13 | VER 808.51 TOM | 020282 | 2025-05-01 | c1 | 2021-07-13 | Books | ||||||
| Dewey Decimal Classification | GRACE BIBLE COLLEGE | GRACE BIBLE COLLEGE | Vernacular | 2021-07-13 | 1 | VER 808.51 TOM | 020283 | 2024-05-16 | c2 | 2021-07-13 | Books | 2022-09-19 | ||||
| Dewey Decimal Classification | GRACE BIBLE COLLEGE | GRACE BIBLE COLLEGE | Vernacular | 2021-07-13 | VER 808.51 TOM | 020284 | 2025-05-01 | c3 | 2021-07-13 | Books | ||||||
| Dewey Decimal Classification | GRACE BIBLE COLLEGE | GRACE BIBLE COLLEGE | Vernacular | 2021-07-13 | VER 808.51 TOM | 020285 | 2025-05-01 | c4 | 2021-07-13 | Books | ||||||
| Dewey Decimal Classification | GRACE BIBLE COLLEGE | GRACE BIBLE COLLEGE | Vernacular | 2021-07-13 | 1 | VER 808.51 TOM | 020286 | 2025-05-01 | c5 | 2021-07-13 | Books | 2024-09-20 |